Asians - sudden death - Statistics

General Stats
  • This quiz has been taken 325 times
  • The average score is 13 of 29
Answers on the Grid
Answers color-coded by a green-red scale on the quiz's grid according to % correct below.
Julius Caesar
Jesus
Joseph Stalin
Simón Bolívar
Xerxes
Roberto Carlos
Imelda Marcos
Jackie Chan
Sukarno
Buddha
Paul Eddington
Salvador Dali
Türkmenbaşy
Kublai Khan
Marcel Duchamp
Plato
Gamal Abdel Nasser
Higashi Hiroshi
Masoud Pezeshkian
Mahatma Gandhi
Tenzing Norgay
Dag Hammarskjöld
Muttiah Muralitharan
Tamerlane
Bundee Aki
Birke Haylom
Benazir Bhutto
Letsile Tebogo
Jacob Kiplimo
Abu Bakr al-Baghdadi
Bola Tinubu
Nu
Kim Jong-il
Osama bin Laden
Xanana Gusmão
Yang Yong-eun
Daniel Ortega
Cyril Ramaphosa
Pol Pot
King Abdullah II
Jodie Foster
Hakan Şükür
Rudolf Nureyev
Gout Gout
Lê Đức Thọ
Stavros Konstantinou
Nikola Tesla
Sultan Hassanal Bolkiah Mu'izzaddin Waddaulah
 
Answer Stats
Answer % Correct
Nepal Buddha
82%
Hong Kong Jackie Chan
75%
Mongolia Kublai Khan
71%
Palestine Jesus
69%
India Mahatma Gandhi
68%
North Korea Kim Jong-il
65%
Japan Higashi Hiroshi
63%
Saudi Arabia Osama bin Laden
58%
Turkmenistan Türkmenbaşy
57%
Georgia Joseph Stalin
54%
Cambodia Pol Pot
54%
Vietnam Lê Đức Thọ
51%
Indonesia Sukarno
51%
Brunei Sultan Hassanal Bolkiah Mu'izzaddin Waddaulah
48%
Iraq Abu Bakr al-Baghdadi
45%
Jordan King Abdullah II
45%
Persia Xerxes
45%
South Korea Yang Yong-eun
45%
Turkey Hakan Şükür
42%
Philippines Imelda Marcos
36%
Nepal Tenzing Norgay
36%
Pakistan Benazir Bhutto
34%
Sri Lanka Muttiah Muralitharan
31%
Iran Masoud Pezeshkian
30%
Uzbekistan Tamerlane
21%
East Timor Xanana Gusmão
15%
Burma Nu
13%
Russia Rudolf Nureyev
12%
Cyprus Stavros Konstantinou
5%
No matching quizzes found
Score Distribution
Percent of People with Each Score
Percentile by Number Answered
Your Score History
You have not taken this quiz